000 00740nam a22002297a 4500
003 UA-OsUOA
001 28241
007 ta
008 20050314b un ||||| |||| 00| 0 ukr d
090 _a94(477.75)
_bІ-90
942 _cBK
040 _aUA-OsUOA
_bukr
_cUA-OsUOA
_dUA-OsUOA
245 _aІсторія міст і сіл Української РСР. Кримська область
_cРед. Л. Д.Солодовник
300 _a802 с.
_bІлюстрації
955 _a2
041 _aukr
080 _a94(477.75)
260 _aК.
_bУкраїнська Радянська енциклопедія
_c1974
044 _aUA
650 7 _a9 Географія. Біографії. Історія
_2UDC
999 _c314604
_d314604